000 00378nam a2200145Ia 4500
008 230312s9999||||xx |||||||||||||| ||und||
020 _a978-1292113746
082 _a541.369
_bBHA-T
100 _aBhattacharjee;Subrata
245 0 _aThermodynamics: interactive Approach
260 _bPearsons
_aIndia
_c2016
300 _a718
650 _aEngineering
_vMechanical
942 _cBK
999 _c14228
_d14228